01348nam a2200313 a 450000100100000000500170001000800410002702000140006804000250008208200240010710000340013124500920016525000250025726000450028230000360032750500440036365000180040765000330042565000340045865000220049265000440051465000260055870000370058404900090062195201370063095201280076795201220089599900170101700002536720260119095730.0110215s2003 dr c 000 0 spa d a999349580 aDO-SdBNPbspacBNPHU a395.22bP376c, 20031 aPeguero Colón, Samuel9220510aCharlas para jóvenes enamorados /cSamuel Peguero Colón; prólogo Roberto Herrera. a3a ed., ampl. y rev. aSanto Domingo :bEditora Dahiana,c2003. a207 p. :bil., retrs. ;c21 cm.2 av., Tesoros de enriquecimiento familiar 0aParejas 9802 4aElección del conyuge91472 4aBodasxPlanificación951942 4aEsponsales951943 4aEducación para la vida familiar92729 0aCortejo amoroso982671 aRoberto, Herreraepról.951944 aBNPD 001054708DSaGRbGRcCTd2011-02-15iLF1l0o395.22 P376c, 2003p25367-30r2020-06-25te. 3w2020-06-25yLFDSZPréstamo en sala 0010718PDaPDbPDcCTd2011-02-15iLF1l0o395.22 P376c, 2003p25367-10r2020-06-25te. 2w2020-06-25yLFPDZNo se presta 0010718PDaPDbPDcCTd2011-02-15iLF1l0o395.22 P376c, 2003p25367-20r2020-06-25w2020-06-25yLFPDZNo se presta c24859d24859